000 00503nam a2200193Ia 4500
005 20250326143249.0
008 250326s9999 xx 000 0 und d
037 _aTextbook
040 _aFMSL
_beng
_cFMSL
041 _aeng
_2eng
084 _aX:5:Z2 P0
_qFMSL
100 _aSingh Avtar
245 0 _aPrinciples of mercantile law
_cSingh Avtar
250 _a7
260 _aLuchnow
_bLuchnow, Eastern
_c2000
300 _a956p
942 _cTB
_hX:5:Z2 P0
999 _c1298830
_d1298830